000 003880000a22001450004500
001 004341
003 MACL
040 _aMACL
090 _c16334
_d16333
100 _aShastri, J.L.
245 _aAncient IndianTradition & Mythology Volume 25 Part 1
_bThe Brahmanda Purana Part 4
_cJ.L. Shastri
260 _aMotilal Banarsidass Publishers,
_c2002
650 _aReligion
942 _k295
_cBook
999 _c16232
_d16232